000 00592nam a22001697a 4500
003 OSt
005 20251010054844.0
008 251010b |||||||| |||| 00| 0 eng d
020 _a978-971-0445-73-8
040 _aDWC-Main lib.
_cOC
100 _aHERNANDEZ, ALEXANDER A.
245 _aIntroduction to my SQL/
_cHERNANDEZ, ALEXANDER A.
260 _aManila :
_bMindshapers,
_cc2010.
300 _avii, 218 pages :
_billustrations ;
_c25 cm.
650 _a1. Database management system. | 2. MySQL--Database management system. I. Caballero, Jonathan M.
942 _2ddc
_cBK - FIL
_hFil.
_n0
999 _c4832
_d4832